[Event "AUTO-INT-3325"]
[Site "http://www.queenalice.com/game.php?id=1518657"]
[Date "2018.3.6"]
[Round "1"]
[White "Danado"]
[Black "lordvhin"]
[Result "0-1"]
[WhiteElo "1608"]
[BlackElo "1534"]

1. e4 e5 2. d4 Bd6 3. d5 Nf6 4. Bg5 O-O 5. Bxf6 Qxf6 6. Nc3 Na6 7. Bxa6 bxa6 8.
Nf3 Bb7 9. Qd3 Bb4 10. O-O-O Qb6 11. Nxe5 Bd6 12. Nxd7 Qxf2 13. Nxf8 Rxf8 14.
Qf3 Qxf3 15. gxf3 Bf4+ 16. Kb1 f6 17. h3 Kf7 18. Rhg1 g5 19. Na4 Bh2 20. Rgf1
Kg6 21. Nc5 Bc8 22. Rf2 Bg3 23. Re2 h5 24. Re3 Bd6 25. Nb3 Bxh3 26. Nd4 Bc5 27.
Rc3 Bd6 28. Rc6 Bc8 29. Nf5 Bxf5 30. Rxa6 Bd7 31. Rxa7 h4 32. Rb7 h3 33. Rh1 h2
34. Rb3 Bh3 35. f4 Bg2 36. Rxh2 Bxe4 37. fxg5 fxg5 38. Re2 Rf1+ 0-1

[Event "AUTO-INT-3325"]
[Site "http://www.queenalice.com/game.php?id=1518658"]
[Date "2018.3.6"]
[Round "1"]
[White "lordvhin"]
[Black "Danado"]
[Result "0-1"]
[WhiteElo "1577"]
[BlackElo "1601"]

1. e4 e5 2. Nf3 d6 3. Be2 a6 4. O-O Nc6 5. Nc3 h6 6. d4 exd4 7. Nxd4 Nxd4 8.
Qxd4 Nf6 9. Be3 c6 10. Rfe1 d5 11. e5 Nd7 12. f4 Bc5 13. Qd3 Bxe3+ 14. Qxe3 Qb6
15. Qxb6 Nxb6 16. b3 O-O 17. Kf2 Bf5 18. Bd3 Bxd3 19. cxd3 d4 20. Ne4 Rad8 21.
Rac1 Nd5 22. g3 Nb4 23. Ke2 Nxa2 24. Ra1 Nb4 25. Rec1 b6 26. Nd6 f6 27. h4 fxe5
28. fxe5 c5 29. Rf1 a5 30. Kd2 Rd7 31. Nc4 Rxf1 32. Rxf1 Nd5 33. Rf2 Ne7 34. g4
Ra7 35. Kc2 a4 36. bxa4 Rxa4 37. Kb3 Ra8 38. Nd6 Ng6 39. Re2 Nf4 40. Rd2 Ng6 41.
e6 Ne7 42. Nc4 Re8 43. Ka4 Ng6 44. Re2 Nxh4 45. Nxb6 Ng6 46. Kb5 Nf4 47. Re4
Nxd3 48. Kc4 Nf2 49. Rf4 Nh3 50. Re4 Ng5 51. Re5 Nxe6 0-1

[Event "AUTO-INT-3325"]
[Site "http://www.queenalice.com/game.php?id=1518667"]
[Date "2018.3.6"]
[Round "1"]
[White "Sixpack_is_impossible"]
[Black "lordvhin"]
[Result "0-1"]
[WhiteElo "1763"]
[BlackElo "1500"]

1. e4 e5 2. Nf3 Nc6 3. Bc4 Nf6 4. d4 Bb4+ 5. c3 Bd6 6. d5 Ne7 7. h3 O-O 8. Bg5
Nxe4 9. g4 Nxg5 10. Nxg5 Ng6 11. Nd2 Qxg5 12. Ne4 Qf4 13. Nxd6 cxd6 14. Qe2 Nh4
15. Qe3 Ng2+ 16. Ke2 Nxe3 17. fxe3 Qxc4+ 18. Kf2 f5 19. g5 b6 20. Rh2 f4 0-1

[Event "AUTO-INT-3325"]
[Site "http://www.queenalice.com/game.php?id=1518668"]
[Date "2018.3.6"]
[Round "1"]
[White "lordvhin"]
[Black "Sixpack_is_impossible"]
[Result "0-1"]
[WhiteElo "1506"]
[BlackElo "1748"]

1. e4 c6 2. d4 d5 3. exd5 cxd5 4. Nf3 Nf6 5. Be2 Nc6 6. O-O e6 7. Nc3 Bd6 8. Bg5
h6 9. Be3 Qc7 10. Re1 g5 11. g3 g4 12. Nh4 Bd7 13. Nb5 Qb8 14. Nxd6+ Qxd6 15.
Bf4 Qb4 16. c3 Qxb2 17. Qd3 Ne4 18. Rec1 Rc8 19. Rab1 Qxa2 20. Rxb7 Nd8 21. Rbb1
Nxc3 0-1

[Event "AUTO-INT-3287"]
[Site "http://www.queenalice.com/game.php?id=1518735"]
[Date "2018.3.7"]
[Round "2"]
[White "lordvhin"]
[Black "petrosian369"]
[Result "0-1"]
[WhiteElo "1546"]
[BlackElo "2195"]

1. e4 c6 2. d4 d5 3. exd5 cxd5 4. Nf3 Nf6 5. Be2 Nc6 6. O-O Bg4 7. Be3 e6 8. Nc3
Bd6 9. a3 O-O 10. h3 Bh5 11. Re1 Rc8 12. Bg5 h6 13. Bh4 Bxf3 14. Bxf3 Be7 15.
Bg3 Qb6 16. Bf4 Qxd4 17. Qxd4 Nxd4 18. Bd1 Nc6 19. Ne2 Rfd8 20. c3 Bd6 21. f3
Bxf4 22. Nxf4 d4 23. cxd4 Rxd4 24. b4 Rxf4 25. Bb3 Nd4 26. Rab1 Nxb3 27. Rxb3
Rfc4 28. Re2 Nd5 29. Ra2 Rc2 30. Rxc2 Rxc2 31. a4 Rc4 32. b5 Rxa4 0-1

[Event "AUTO-INT-3287"]
[Site "http://www.queenalice.com/game.php?id=1518736"]
[Date "2018.3.7"]
[Round "2"]
[White "petrosian369"]
[Black "lordvhin"]
[Result "1-0"]
[WhiteElo "2194"]
[BlackElo "1548"]

1. d4 e6 2. e4 d5 3. exd5 Qxd5 4. Nf3 Nf6 5. c4 Qd8 6. Be2 Be7 7. Nc3 O-O 8. O-O
c6 9. h3 Nbd7 10. Bf4 Nh5 11. Bh2 b6 12. Ne5 Nhf6 13. Nxc6 Qe8 14. Nxe7+ Qxe7
15. Bf3 Rb8 16. Bxb8 Nxb8 17. Re1 Rd8 18. d5 Na6 19. Qe2 Nc5 20. Rad1 a6 21.
dxe6 Bxe6 22. Rxd8+ Qxd8 23. Rd1 Qc8 24. b3 h6 25. Nd5 Bxd5 26. Bxd5 Nxd5 27.
Rxd5 Qc6 28. Qg4 Ne6 29. f4 b5 30. f5 Nf8 31. Qd4 bxc4 32. Qxc4 1-0

[Event "AUTO-INT-3287"]
[Site "http://www.queenalice.com/game.php?id=1518737"]
[Date "2018.3.7"]
[Round "2"]
[White "lordvhin"]
[Black "qxr"]
[Result "0-1"]
[WhiteElo "1544"]
[BlackElo "1703"]

1. e4 c5 2. Nf3 a6 3. Be2 Nc6 4. O-O e6 5. Nc3 Qc7 6. d4 cxd4 7. Nxd4 Nf6 8. Bg5
Be7 9. Be3 O-O 10. Nf3 h6 11. Bd3 Ng4 12. g3 d6 13. Be2 Rd8 14. Na4 Nxe3 15.
fxe3 Qa5 16. Nc3 Qb6 17. Qd2 Qxb2 18. Rfb1 Qa3 19. Rb3 Qa5 20. Qd1 Qc7 21. Bd3
b5 22. Ne2 Bb7 23. Rab1 Rdb8 24. Ned4 Na7 25. Qe2 Bc6 26. Kf2 Bd7 27. Qd2 Nc6
28. c3 Nxd4 29. cxd4 Rf8 30. Rc3 Qa5 31. Qc2 b4 32. Rcb3 d5 33. Ne5 Bc8 34. Nc6
Qc7 35. Rxb4 Bxb4 0-1

[Event "AUTO-INT-3287"]
[Site "http://www.queenalice.com/game.php?id=1518738"]
[Date "2018.3.7"]
[Round "2"]
[White "qxr"]
[Black "lordvhin"]
[Result "0-1"]
[WhiteElo "1760"]
[BlackElo "1553"]

1. Nf3 Nf6 2. c4 e6 3. g3 d5 4. Bg2 Be7 5. O-O dxc4 6. Qa4+ Nc6 7. Qxc4 O-O 8.
d3 Bd7 9. Rd1 Qc8 10. Nc3 a6 11. d4 Na5 12. Qd3 b5 13. e3 b4 14. Ne2 Bb5 15. Qd2
Nc4 16. Qc2 Rb8 17. b3 Nd6 18. Nf4 Nf5 19. e4 Nh6 20. Bh3 Qd8 21. d5 exd5 22.
exd5 Bd6 23. Ng2 Bd7 24. Bxd7 Qxd7 25. Bxh6 gxh6 26. Nfh4 Nh5 27. Nf5 Ng7 28.
Nxh6+ Kh8 29. Nh4 Rbe8 30. Nf3 Qh3 31. Ng5 Qxh6 32. Ne4 f5 33. Nd2 f4 34. Ne4 f3
35. h4 Qg6 36. Re1 Qg4 37. Ng5 Rf5 38. Rxe8+ Nxe8 39. Qb2+ Kg8 40. Re1 Ng7 41.
Re4 Qh5 42. g4 Qxh4 0-1

[Event "AUTO-INT-3351"]
[Site "http://www.queenalice.com/game.php?id=1529648"]
[Date "2018.6.3"]
[Round "1"]
[White "Torbencarlsen"]
[Black "lordvhin"]
[Result "1-0"]
[WhiteElo "2016"]
[BlackElo "1636"]

1. e4 e5 2. Nf3 Nc6 3. Bc4 Nf6 4. Ng5 d5 5. exd5 Na5 6. Qe2 Nxc4 7. Qxc4 Bd6 8.
Nc3 O-O 9. d3 Bg4 10. Be3 a6 11. O-O Rc8 12. Nge4 Nxe4 13. Qxe4 Re8 14. f3 Bh5
15. a4 f6 16. a5 Bg6 17. Qa4 Bf7 18. Rf2 c5 19. Qb3 Qc7 20. Ne4 Red8 21. c4 1-0

[Event "AUTO-INT-3351"]
[Site "http://www.queenalice.com/game.php?id=1529649"]
[Date "2018.6.3"]
[Round "1"]
[White "lordvhin"]
[Black "Torbencarlsen"]
[Result "0-1"]
[WhiteElo "1685"]
[BlackElo "1884"]

1. e4 e6 2. d4 d5 3. exd5 exd5 4. Nf3 Nc6 5. Bb5 Bd6 6. O-O Ne7 7. Nc3 a6 8. Bd3
O-O 9. a3 Bg4 10. Be3 Nf5 11. Nxd5 Bxh2+ 12. Kxh2 Qxd5 13. Kg1 Nfxd4 14. Be2
Nxe2+ 15. Qxe2 Qh5 16. Bf4 Nd4 17. Qe5 Bxf3 18. Qxd4 Qg4 0-1

[Event "AUTO-INT-3351"]
[Site "http://www.queenalice.com/game.php?id=1529660"]
[Date "2018.6.3"]
[Round "1"]
[White "mvson33"]
[Black "lordvhin"]
[Result "0-1"]
[WhiteElo "1519"]
[BlackElo "1611"]

1. e4 e5 2. Nf3 d6 3. Bc4 Bg4 4. Nc3 Nf6 5. d3 Be7 6. Bg5 O-O 7. O-O Nc6 8. h3
Bh5 9. g4 Bg6 10. Nh2 h6 11. Bh4 Nd4 12. f4 a6 13. fxe5 dxe5 14. Nf3 Nc6 15. a3
Nh7 16. Bxe7 Qxe7 17. Kg2 Kh8 18. Nd5 Qd6 19. Ne3 f6 20. Nh4 Bf7 21. Bxf7 Rxf7
22. Nhf5 Qd8 23. Qd2 Ne7 24. Nxe7 Qxe7 25. Nf5 Qf8 26. Rf2 g5 27. Raf1 Rd8 28.
Ne3 c6 29. Nc4 Qe7 30. Nb6 Qc7 31. Nc4 b5 32. Ne3 Kg7 33. Nf5+ Kg6 34. Ng3 c5
35. Nf5 c4 36. Qe2 cxd3 37. cxd3 Rdd7 38. Qd2 Nf8 39. Ng3 Ne6 40. Nh5 Nf4+ 41.
Nxf4+ exf4 42. Rf3 Qc6 43. Rc1 Qb6 44. Qc2 Rc7 45. Qd2 Qe6 46. Rxc7 Rxc7 47. Rf1
Qb3 48. Rc1 Rxc1 49. Qxc1 Qxd3 50. Qc6 Qg3+ 51. Kf1 Qxh3+ 52. Kf2 Qg3+ 53. Kf1
Qd3+ 54. Ke1 Kf7 55. Qxa6 Qxe4+ 56. Kf2 Qe3+ 57. Kf1 Qh3+ 58. Kf2 Qe3+ 0-1

[Event "AUTO-INT-3351"]
[Site "http://www.queenalice.com/game.php?id=1529661"]
[Date "2018.6.3"]
[Round "1"]
[White "lordvhin"]
[Black "mvson33"]
[Result "1-0"]
[WhiteElo "1591"]
[BlackElo "1464"]

1. e4 e5 2. Nc3 d6 3. Nf3 Nf6 4. Be2 Be7 5. O-O O-O 6. d4 exd4 7. Qxd4 Nc6 8.
Qd1 Bg4 9. h3 Be6 10. Be3 Qd7 11. a3 Rad8 12. Qc1 Ne5 13. Rd1 Nc4 14. Bd2 Ne5
15. Nh2 Bxh3 16. gxh3 Qxh3 17. Bf4 Nfg4 18. Bxg4 Nxg4 19. Rd3 Qh5 20. Bg3 Nxh2
21. Bxh2 1-0

[Event "AUTO-INT-3351"]
[Site "http://www.queenalice.com/game.php?id=1529668"]
[Date "2018.6.3"]
[Round "1"]
[White "lordvhin"]
[Black "Ruusgugg"]
[Result "1-0"]
[WhiteElo "1578"]
[BlackElo "1514"]

1. d4 d5 2. c4 dxc4 3. Nf3 b5 4. e4 e6 5. Nc3 a6 6. a3 g6 7. Be2 b4 8. axb4 h6
9. Bxc4 g5 10. O-O g4 11. Ne5 h5 12. Be3 Bxb4 13. Ne2 h4 14. Qa4+ Bd7 15. Qxb4
h3 16. g3 Nc6 17. Nxc6 Bxc6 18. d5 exd5 19. exd5 Rb8 20. Qc3 Nf6 21. dxc6 Rb6
22. Bxb6 cxb6 23. Rfe1 O-O 24. Qe5 Re8 25. Qg5+ Kf8 26. Qh6+ Ke7 27. Rad1 Qc8
28. Nf4+ 1-0

[Event "AUTO-INT-3351"]
[Site "http://www.queenalice.com/game.php?id=1529669"]
[Date "2018.6.3"]
[Round "1"]
[White "Ruusgugg"]
[Black "lordvhin"]
[Result "0-1"]
[WhiteElo "1554"]
[BlackElo "1562"]

1. e4 e5 2. Bb5 Nf6 3. g4 Nxe4 4. Qe2 Nd6 5. Bd3 Nc6 6. Nf3 Be7 7. O-O O-O 8.
Ne1 f5 9. c4 Ne8 10. Bxf5 d6 11. Bxc8 Rxc8 12. a4 Nd4 13. Qd3 Bh4 14. Qe3 Qd7
15. h3 Rf4 16. Ng2 Rf3 17. Qe1 Rxh3 18. Nxh4 Qxg4+ 19. Ng2 Nf3# 0-1

[Event "AUTO-INT-3325"]
[Site "http://www.queenalice.com/game.php?id=1531388"]
[Date "2018.6.16"]
[Round "2"]
[White "lordvhin"]
[Black "pacou93"]
[Result "1-0"]
[WhiteElo "1655"]
[BlackElo "1703"]

1. e4 e5 2. Nf3 d5 3. Nc3 dxe4 4. Nxe4 Bg4 5. h3 Bxf3 6. Qxf3 Be7 7. Bc4 Nf6 8.
Nxf6+ Bxf6 9. Qxb7 Nd7 10. O-O O-O 11. Qf3 1-0

[Event "AUTO-INT-3325"]
[Site "http://www.queenalice.com/game.php?id=1531389"]
[Date "2018.6.16"]
[Round "2"]
[White "pacou93"]
[Black "lordvhin"]
[Result "0-1"]
[WhiteElo "1722"]
[BlackElo "1636"]

1. e4 e5 2. Nf3 Nc6 3. d4 exd4 4. Bc4 Be7 5. c3 dxc3 6. Nxc3 Bb4 7. O-O Nge7 8.
Bg5 O-O 9. Nd5 Bc5 10. Re1 Kh8 11. a3 f6 0-1

[Event "Challenge"]
[Site "http://www.queenalice.com/game.php?id=1533309"]
[Date "2018.7.2"]
[Round "-"]
[White "lordvhin"]
[Black "ANNUNAKI"]
[Result "1-0"]
[WhiteElo "1602"]
[BlackElo "1209"]

1. d4 Nf6 2. Nf3 e6 3. Nc3 d5 4. e3 Bb4 5. Bd2 Bxc3 6. Bxc3 Nbd7 7. Bd3 c6 8.
O-O O-O 9. Re1 a6 10. a3 c5 11. dxc5 Nxc5 12. Qe2 Nxd3 13. cxd3 b5 14. Rad1 Bb7
15. e4 dxe4 16. dxe4 Qe8 17. Bxf6 gxf6 18. b4 Qe7 19. Nd4 Kh8 20. f3 Rg8 21. Nb3
Rad8 22. Kh1 Rxd1 23. Rxd1 1-0

[Event "AUTO-INT-3358"]
[Site "http://www.queenalice.com/game.php?id=1534063"]
[Date "2018.7.9"]
[Round "1"]
[White "salvachess"]
[Black "lordvhin"]
[Result "1-0"]
[WhiteElo "1548"]
[BlackElo "1656"]

1. e4 e5 2. a3 d6 3. h3 Nf6 4. Nc3 Be7 5. d3 O-O 6. Bg5 Nc6 7. Bxf6 Bxf6 8. Nf3
a6 9. Be2 Nd4 10. O-O Be6 11. b4 g6 12. Nb1 Qd7 13. c3 Bb3 14. Qd2 Nc2 15. Ra2
Bxa2 16. Qxc2 Be6 17. Qd2 Qe7 18. Qe3 Rfd8 19. a4 b6 20. c4 Rab8 21. b5 axb5 22.
axb5 Ra8 23. Nc3 Ra3 24. Nb1 Ra1 25. g4 Rda8 26. g5 Bg7 27. Nc3 Bxh3 28. Rxa1
Rxa1+ 29. Kh2 Bg4 30. Nd5 Qd8 31. Kg3 Bc8 32. Kg2 Qd7 33. Nh4 Re1 34. Bf1 Rxe3
35. Nxe3 Qh3+ 36. Kg1 Qxh4 37. Ng2 Qxg5 38. f3 1-0

[Event "AUTO-INT-3358"]
[Site "http://www.queenalice.com/game.php?id=1534064"]
[Date "2018.7.9"]
[Round "1"]
[White "lordvhin"]
[Black "salvachess"]
[Result "1-0"]
[WhiteElo "1623"]
[BlackElo "1542"]

1. d4 d5 2. Nf3 Nf6 3. c4 Bg4 4. Nc3 Bxf3 5. exf3 e6 6. Bg5 Nbd7 7. Bd3 h6 8.
Be3 dxc4 9. Bxc4 a6 10. O-O Bd6 11. d5 O-O 12. dxe6 fxe6 13. Bxe6+ Kh8 14. Bd4
c5 15. Be3 Ne5 16. Qc2 Qe7 17. Bh3 g5 18. Rad1 b6 19. Ne4 Nxe4 20. fxe4 a5 21.
Bf5 Qf6 22. f4 gxf4 23. Bxf4 Rad8 24. Qc3 Rde8 25. Qh3 Kg7 26. Qg3+ Kf7 27. Bh3
Rg8 28. Bxe5 Rxg3 29. Rxf6+ Ke7 30. Re6+ Kf7 31. Rf1+ Kg8 32. Rxe8+ 1-0

[Event "AUTO-INT-3358"]
[Site "http://www.queenalice.com/game.php?id=1534079"]
[Date "2018.7.9"]
[Round "1"]
[White "lordvhin"]
[Black "Eggchaser"]
[Result "1-0"]
[WhiteElo "1591"]
[BlackElo "1682"]

1. e4 c5 2. Nf3 d6 3. Be2 Nc6 4. O-O Nf6 5. Nc3 g6 6. d4 cxd4 7. Nxd4 Bg7 8. Nf3
O-O 9. Be3 Bd7 10. Bd3 Rc8 11. Rb1 a6 12. a3 Ng4 13. Re1 Nxe3 14. Rxe3 b5 15.
Re1 Bg4 16. Nd5 Nd4 17. c3 Nxf3+ 18. gxf3 Bh3 19. Kh1 Bd7 20. Rg1 e6 21. Nf4 Qh4
22. Rg4 Qxf2 23. Qe2 Qxe2 24. Nxe2 Bc6 25. h4 h5 26. Rg5 Bh6 27. Rg3 d5 28. e5
d4 29. cxd4 Bd5 30. Kh2 Bc4 31. Bxc4 Rxc4 32. f4 Rc2 33. Rg2 Rfc8 34. b4 Ra2 35.
Rb3 Rcc2 36. Re3 Kf8 37. Kg3 Ke7 38. Kf3 Kd7 39. Rg1 Kc6 40. d5+ exd5 41. e6 1-0

[Event "AUTO-INT-3358"]
[Site "http://www.queenalice.com/game.php?id=1534080"]
[Date "2018.7.9"]
[Round "1"]
[White "Eggchaser"]
[Black "lordvhin"]
[Result "1-0"]
[WhiteElo "1680"]
[BlackElo "1604"]

1. e4 e5 2. Nf3 d6 3. d4 exd4 4. Nxd4 Nc6 5. Be3 Nf6 6. Nc3 Be7 7. Bb5 Bd7 8.
Nxc6 bxc6 9. Bd3 O-O 10. O-O Re8 11. Kh1 c5 12. h3 Bc6 13. Bg5 Rb8 14. b3 h6 15.
Be3 Bf8 16. f3 Bb7 17. Qd2 Nd7 18. Rad1 Nf6 19. Rfe1 a6 20. Bc4 Qe7 21. Nd5 Nxd5
22. Bxd5 Qf6 23. Bxb7 Rxb7 24. Qd5 Rb6 25. c4 a5 26. Bd2 Ra8 27. Qxa8 1-0

[Event "AUTO-INT-3358"]
[Site "http://www.queenalice.com/game.php?id=1534081"]
[Date "2018.7.9"]
[Round "1"]
[White "lordvhin"]
[Black "ulisses67"]
[Result "0-1"]
[WhiteElo "1677"]
[BlackElo "1540"]

1. Nf3 Nf6 2. d3 d6 3. e4 d5 4. e5 Ng4 5. h3 Nh6 6. d4 Nf5 7. Be2 f6 8. exf6
exf6 9. O-O h5 10. Nc3 g5 11. Re1 h4 12. Bb5+ Kf7 13. Re8 Qd6 14. Ne5+ Kg7 15.
Nf3 Bd7 16. Rd8 c6 17. Bd3 Qc7 18. Rxf8 Kxf8 19. Bd2 Be8 20. Bxf5 Bh5 21. Qe2
Na6 22. a3 g4 23. Bxg4 Bxg4 24. hxg4 h3 25. g3 Re8 26. Qd3 Re7 27. Bf4 Qd7 0-1

[Event "AUTO-INT-3358"]
[Site "http://www.queenalice.com/game.php?id=1534082"]
[Date "2018.7.9"]
[Round "1"]
[White "ulisses67"]
[Black "lordvhin"]
[Result "0-1"]
[WhiteElo "1580"]
[BlackElo "1673"]

1. e4 e5 2. Qh5 Nc6 3. Bc4 Qe7 4. d3 Nf6 5. Qf3 Nd4 6. Qd1 d6 7. Nf3 c5 8. Nxd4
cxd4 9. Bb5+ Bd7 10. a4 Bxb5 11. axb5 Qd7 12. Na3 Be7 13. c3 dxc3 14. bxc3 O-O
15. d4 Nxe4 16. Qb3 Rac8 17. c4 exd4 18. b6 axb6 19. Qxb6 Bf6 20. Nb5 Rfe8 21.
Ra4 Nc3+ 22. Kd2 Re2+ 23. Kd3 Qf5# 0-1